000 00686nam a2200193Ia 4500
001 1558
003 GE_BSU
008 181216s||||||||xx |||||||||||||| ||und||
040 _cGE_BSU
080 _a696(035)+697(035)
245 _aВнутренние санитарно-технические устроиства. В 2-х частях. Ч.1. Отопление, водопровод, канализация.
245 _cПод ред. И Г.Староверова.
260 _aМ.
260 _bСтройиздат.
260 _c1976.
300 _a429 стр.
653 _aВнутренние санитарно-технические устроиства.
942 _cBK
999 _c35685
_d35685